000 00815nam a2200241 i 4500
001 51045
003 ES-MaACL
005 20250828112643.0
007 t|
008 030808s1966 sp ||||1| spa d
100 1 _aChanson, Paul.
_937981
245 1 0 _aUnion conyugal.
_nTomo I,
_pMétodo práctico /
_cPaul Chanson ; [traducido del original francés por Juan Bris].
250 _a[1ª ed.].
260 _aBarcelona :
_bFontanella,
_c1966.
300 _a132 p. ;
_c18 cm.
490 1 _aSexualidad y educación serie: Sexualidad ;
_v7
650 7 _aEducación sexual
_2embne
_912121
650 4 _aHigiene sexual.
_9145017
700 1 _aBris Montes, Juan.
_9173038
830 0 0 _aSexualidad y educación (Fontanella)
_v7
_9230162
852 _aES-MaACL
_jP-1331-1
_bR.60463
999 _c51045
_d51045